Statistics for Most recent NBA award winner to die

Click here to take the quiz!

General Stats

  • This quiz has been taken 12 times
    (4 since last reset)
  • The average score is 4 of 10

Answer Stats

AwardYODPlayer% Correct
MVP2022Willis Reed
100%
FMVP2022Willis Reed
100%
All-NBA 1st Team2022Willis Reed
100%
ROY2021Elgin Baylor
25%
DPOY2021Mark Eaton
25%
All Defensive 1st Team2020Mark Eaton
25%
ASGMVP2022Bob Lanier
0%
All-Rookie 1st Team2022Bob Lanier
0%
6MOY2020Cliff Robinson
0%
MIP2008Kevin Duckworth
0%

Score Distribution

Percentile by Number Answered

Percent of People with Each Score

Your Score History

You have not taken this quiz since the last reset